书目信息 |
| 题名: |
轮滑技巧
|
|
| 作者: | 王合霞 编著 | |
| 分册: | ||
| 出版信息: | 北京 中国社会出版社 2010 |
|
| 页数: | 215页 | |
| 开本: | 21cm | |
| 丛书名: | 大众体育技巧丛书 | |
| 单 册: | ||
| 中图分类: | G862.8 , G862.8 | |
| 科图分类: | ||
| 主题词: | 滑轮滑冰--基本知识 , 水上运动 , 冰上运动 , 雪上运动 | |
| 电子资源: | ||
| ISBN: | 978-7-5087-3217-6 | |
| 000 | 00960oam2 2200325 450 | |
| 001 | 1541636862 | |
| 005 | 20150715130414.61 | |
| 010 | @a978-7-5087-3217-6@dCNY20.00 | |
| 090 | @aG862@bwhx | |
| 096 | @aG862@bwhx | |
| 100 | @a20101109d2010 em y0chiy50 ea | |
| 101 | 0 | @achi |
| 102 | @aCN@b110000 | |
| 105 | @aa z 000yy | |
| 106 | @ar | |
| 200 | 1 | @a轮滑技巧@Alun hua ji qiao@b专著@f王合霞编著 |
| 210 | @a北京@c中国社会出版社@d2010 | |
| 215 | @a215页@c图@d21cm | |
| 225 | 2 | @a大众体育技巧丛书 |
| 330 | @a本书分为知识篇、技能篇及提高篇,全面介绍了轮滑运动的起源与发展,初学轮滑的基本知识与技术动作,轮滑运动的场地要求与竞赛规则等内容。 | |
| 461 | 0 | @1001003306082 |
| 606 | 0 | @a滑轮滑冰@x基本知识 |
| 606 | 0 | @a水上运动 |
| 606 | 0 | @a冰上运动 |
| 606 | 0 | @a雪上运动 |
| 690 | @aG862.8@v4 | |
| 690 | @aG862.8@v4 | |
| 701 | 0 | @a王合霞@Awang he xia@4编著 |
| 801 | 0 | @aCN@b110019@c20100902 |
| 905 | @aZUCC@dG862.8@et30 | |
| 轮滑技巧/王合霞编著 .-北京:中国社会出版社,2010 |
| 215页:图;21cm .-(大众体育技巧丛书 ) |
| ISBN 978-7-5087-3217-6:CNY20.00 |
| 本书分为知识篇、技能篇及提高篇,全面介绍了轮滑运动的起源与发展,初学轮滑的基本知识与技术动作,轮滑运动的场地要求与竞赛规则等内容。 |
| ● |
| 相关链接 |
|
|
|
|
正题名:轮滑技巧
索取号:G862.8/t30
 
预约/预借
| 序号 | 登录号 | 条形码 | 馆藏地/架位号 | 状态 | 备注 |
| 1 | 6940431 | 269404316 | 密集书库-体育系/ [索取号:G862.8/t30] | 在馆 | |
| 2 | 6940445 | 269404450 | 密集书库-体育系/ [索取号:G862.8/t30] | 在馆 |